| 000 | 00413 a2200121 4500 | ||
|---|---|---|---|
| 001 | ART_10917 | ||
| 005 | 20260410161849.0 | ||
| 008 | 260409a | ||
| 245 | 1 | 0 | _aNotas sobre la teoría de la distribución y la teoría de la demanda de los factores de la producción |
| 100 | 1 | _aPorto, Alberto | |
| 700 | 1 | _aBerra, Juan C. | |
| 773 | 0 |
_tEconómica _g- Año XVII, Nº 3 (sep./dic.1971) _wREV7541 |
|
| 999 |
_c24812 _d24812 |
||